Francisco Nieva : (Record no. 153014)

MARC details
000 -LEADER
campo de control de longitud fija 00896nam a2200265 i 4500
001 - NÚMERO DE CONTROL
campo de control 153014
003 - IDENTIFICADOR DE NÚMERO DE CONTROL
campo de control ES-MaACL
005 - FECHA Y HORA DE LA ÚLTIMA TRANSACCIÓN
campo de control 20250803000242.0
008 - DATOS DE LONGITUD FIJA--INFORMACIÓN GENERAL
campo de control de longitud fija 210901s2016 sp 001 0bspa d
020 ## - NÚMERO INTERNACIONAL ESTÁNDAR DEL LIBRO
Número Internacional Estándar del Libro 978-84-16923-08-3
080 ## - NÚMERO DE LA CLASIFICACIÓN DECIMAL UNIVERSAL
Número de la Clasificación Decimal Universal 821.134.2 Nieva, Francisco 1.07
100 1# - ENTRADA PRINCIPAL--NOMBRE DE PERSONA
Nombre de persona Peña Martín, J. Francisco.
9 (RLIN) 163879
245 10 - MENCIÓN DEL TÍTULO
Título Francisco Nieva :
Resto del título un teatro en libertad /
Mención de responsabilidad, etc. J. Francisco Peña.
250 ## - MENCION DE EDICION
Mención de edición 1ª ed.
260 ## - PUBLICACIÓN, DISTRIBUCIÓN, ETC.
Lugar de publicación, distribución, etc. Madrid :
Nombre del editor, distribuidor, etc. Antígona,
Fecha de publicación, distribución, etc. 2016.
300 ## - DESCRIPCIÓN FÍSICA
Extensión 383 p. ;
Dimensiones 21 cm.
490 1# - MENCIÓN DE SERIE
Mención de serie Crítica ;
Designación de volumen o secuencia 16
500 ## - NOTA GENERAL
Nota general Estrenos teatrales de Francisco Nieva.
504 ## - NOTA DE BIBLIOGRAFÍA, ETC.
Nota de bibliografía, etc. Bibliografía: p. 345-373.
600 14 - PUNTO DE ACCESO ADICIONAL DE MATERIA--NOMBRE DE PERSONA
Nombre de persona Nieva, Francisco-
Subdivisión general Crítica e interpretación.
9 (RLIN) 173648
830 10 - PUNTO DE ACCESO ADICIONAL DE SERIE-TÍTULO UNIFORME
Título uniforme Crítica
Designación de volumen o secuencia 16
9 (RLIN) 187746
852 4# - LOCALIZACIÓN
Ubicación ES-MaACL
Número de control de estantería A-14766
itemnumber 158573
Sublocalización o colección R.152146
Ubicación en estantería Depósito 1
Signatura antigua Olim: N-7766
Donativo/Legado Donación: Editorial
942 ## - ELEMENTOS DE ENTRADA SECUNDARIOS (KOHA)
Fuente del sistema de clasificación o colocación Clasificación decimal universal
Holdings
Estatus retirado Estado de pérdida Fuente del sistema de clasificación o colocación Estado de daño No para préstamo Biblioteca de origen Biblioteca actual Ubicación en estantería Fecha de adquisición Fuente de adquisición Total de préstamos Signatura topográfica completa Código de barras Visto por última vez Precio de reemplazo Tipo de ítem Koha
    Clasificación decimal universal     Biblioteca del Ateneo de Madrid Biblioteca del Ateneo de Madrid Depósito 1 01/09/2021 Donación   a-14766 1202684 23/02/2023 23/02/2023 Libro impreso